<?xml version="1.0" encoding="UTF-8"?>
<collection xmlns="http://www.loc.gov/MARC21/slim">
 <record>
  <leader>04062nam a2200445 a 4500</leader>
  <controlfield tag="001">1/45397</controlfield>
  <controlfield tag="008">140827s2002    us            001 0 eng  </controlfield>
  <datafield tag="020" ind1=" " ind2=" ">
   <subfield code="a">0585448256 (electronic bk.)</subfield>
  </datafield>
  <datafield tag="020" ind1=" " ind2=" ">
   <subfield code="a">9780585448251 (electronic bk.)</subfield>
  </datafield>
  <datafield tag="020" ind1=" " ind2=" ">
   <subfield code="a">9781558606586</subfield>
  </datafield>
  <datafield tag="020" ind1=" " ind2=" ">
   <subfield code="a">1558606580</subfield>
  </datafield>
  <datafield tag="020" ind1=" " ind2=" ">
   <subfield code="a">9780080520315</subfield>
  </datafield>
  <datafield tag="020" ind1=" " ind2=" ">
   <subfield code="a">0080520316</subfield>
  </datafield>
  <datafield tag="035" ind1=" " ind2=" ">
   <subfield code="l">48357</subfield>
  </datafield>
  <datafield tag="040" ind1=" " ind2=" ">
   <subfield code="a">N$T</subfield>
   <subfield code="b">eng</subfield>
   <subfield code="c">N$T</subfield>
   <subfield code="d">YDXCP</subfield>
   <subfield code="d">OCLCQ</subfield>
   <subfield code="d">TUU</subfield>
   <subfield code="d">OCLCQ</subfield>
   <subfield code="d">TNF</subfield>
   <subfield code="d">OCLCQ</subfield>
   <subfield code="d">VVN</subfield>
   <subfield code="d">B24X7</subfield>
   <subfield code="d">DEBBG</subfield>
   <subfield code="d">OPELS</subfield>
   <subfield code="d">BAKER</subfield>
   <subfield code="d">E7B</subfield>
   <subfield code="d">UMI</subfield>
   <subfield code="d">DEBSZ</subfield>
   <subfield code="d">GR-PeUP</subfield>
  </datafield>
  <datafield tag="100" ind1="1" ind2=" ">
   <subfield code="a">Brinck, Tom.</subfield>
  </datafield>
  <datafield tag="245" ind1="1" ind2="0">
   <subfield code="a">Designing Web sites that work</subfield>
   <subfield code="h">[electronic resource] :</subfield>
   <subfield code="b">usability for the Web /</subfield>
   <subfield code="c">Tom Brink, Darren Gergle, Scott D. Wood.</subfield>
  </datafield>
  <datafield tag="246" ind1="3" ind2="0">
   <subfield code="a">Usability for the Web</subfield>
  </datafield>
  <datafield tag="250" ind1=" " ind2=" ">
   <subfield code="a">1st ed.</subfield>
  </datafield>
  <datafield tag="260" ind1=" " ind2=" ">
   <subfield code="a">San Francisco :</subfield>
   <subfield code="b">Morgan Kaufmann Publishers,</subfield>
   <subfield code="c">c2002.</subfield>
  </datafield>
  <datafield tag="300" ind1=" " ind2=" ">
   <subfield code="a">1 online resource (xiii, 481 p.) :</subfield>
   <subfield code="b">ill. (some col.)</subfield>
  </datafield>
  <datafield tag="490" ind1="1" ind2=" ">
   <subfield code="a">The Morgan Kaufmann series in interactive technologies</subfield>
  </datafield>
  <datafield tag="490" ind1="1" ind2=" ">
   <subfield code="a">Books24x7</subfield>
  </datafield>
  <datafield tag="504" ind1=" " ind2=" ">
   <subfield code="a">Includes bibliographical references (p. 452-458) and index.</subfield>
  </datafield>
  <datafield tag="505" ind1="0" ind2=" ">
   <subfield code="a">Pervasive Usability -- Chapter 1. Usability throughout the Design Process -- Chapter 2. Target Audience and Target Platforms -- Chapter 3. User Needs Analysis -- Conceptual Design -- Chapter 4. Task Analysis -- Chapter 5. Information Architecture -- Mockups and Prototypes -- Chapter 6. Page Layout -- Chapter 7. Envisioning Design -- Production -- Chapter 8. Writing for the Web -- Chapter 9. Design Elements -- Chapter 10. Usability in Software Development -- Launch -- Chapter 11. Pre-Launch and Post-Launch -- Evaluation -- Chapter 12. Usability Evalutation.</subfield>
  </datafield>
  <datafield tag="505" ind1="0" ind2="0">
   <subfield code="g">ch. 1.</subfield>
   <subfield code="t">Usability throughout the design process --</subfield>
   <subfield code="g">ch. 2.</subfield>
   <subfield code="t">Target audience and target platforms --</subfield>
   <subfield code="g">ch. 3.</subfield>
   <subfield code="t">User needs analysis --</subfield>
   <subfield code="g">ch. 4.</subfield>
   <subfield code="t">Task analysis --</subfield>
   <subfield code="g">ch. 5.</subfield>
   <subfield code="t">Information architecture --</subfield>
   <subfield code="g">ch. 6.</subfield>
   <subfield code="t">Page layout --</subfield>
   <subfield code="g">ch. 7.</subfield>
   <subfield code="t">Envisioning design --</subfield>
   <subfield code="g">ch. 8.</subfield>
   <subfield code="t">Writing for the web --</subfield>
   <subfield code="g">ch. 9.</subfield>
   <subfield code="t">Design elements --</subfield>
   <subfield code="g">ch. 10.</subfield>
   <subfield code="t">Usability in software development --</subfield>
   <subfield code="g">ch. 11.</subfield>
   <subfield code="t">Pre-launch and post-launch --</subfield>
   <subfield code="g">ch. 12.</subfield>
   <subfield code="t">Usability evaluation.</subfield>
  </datafield>
  <datafield tag="520" ind1=" " ind2=" ">
   <subfield code="a">Every stage in the design of a new web site is an opportunity to meet or miss deadlines and budgetary goals. Every stage is an opportunity to boost or undercut the site's usability. This book tells you how to design usable web sites in a systematic process applicable to almost any business need. You get practical advice on managing the project and incorporating usability principles from the project's inception. This systematic usability process for web design has been developed by the authors and proven again and again in their own successful businesses. A beacon in a sea of web design titles, this book treats web site usability as a preeminent, practical, and realizable business goal, not a buzzword or abstraction. The book is written for web designers and web project managers seeking a balance between usability goals and business concerns. * Examines the entire spectrum of usability issues, including architecture, navigation, graphical presentation, and page structure. * Explains clearly the steps relevant to incorporating usability into every stage of the web development process, from requirements to tasks analysis, prototyping and mockups, to user testing, revision, and even postlaunch evaluations. * Includes forms, checklists, and practical techniques that you can easily incorporate into your own projects at http://www.mkp.com/uew.</subfield>
  </datafield>
  <datafield tag="650" ind1=" " ind2="4">
   <subfield code="a">Web sites</subfield>
   <subfield code="x">Design.</subfield>
  </datafield>
  <datafield tag="650" ind1=" " ind2="4">
   <subfield code="a">Computer software</subfield>
   <subfield code="x">Human factors.</subfield>
  </datafield>
  <datafield tag="650" ind1=" " ind2="4">
   <subfield code="a">Sites Web</subfield>
   <subfield code="x">Conception.</subfield>
  </datafield>
  <datafield tag="655" ind1=" " ind2="4">
   <subfield code="a">Electronic books.</subfield>
  </datafield>
  <datafield tag="700" ind1="1" ind2=" ">
   <subfield code="a">Gergle, Darren.</subfield>
  </datafield>
  <datafield tag="700" ind1="1" ind2=" ">
   <subfield code="a">Wood, Scott D.</subfield>
  </datafield>
  <datafield tag="830" ind1=" " ind2="0">
   <subfield code="a">Morgan Kaufmann series in interactive technologies.</subfield>
  </datafield>
  <datafield tag="852" ind1=" " ind2=" ">
   <subfield code="a">INST</subfield>
   <subfield code="b">UNIPILB</subfield>
   <subfield code="c">EBOOKS</subfield>
   <subfield code="e">20100705</subfield>
   <subfield code="p">00b40866</subfield>
   <subfield code="q">00b40866</subfield>
   <subfield code="t">ONLINE</subfield>
   <subfield code="y">0</subfield>
  </datafield>
  <datafield tag="856" ind1="4" ind2=" ">
   <subfield code="u">http://www.sciencedirect.com/science/book/9781558606586</subfield>
  </datafield>
  <datafield tag="856" ind1="4" ind2=" ">
   <subfield code="d">/webopac/covers/03/48357_9781558606586.jpg</subfield>
  </datafield>
  <datafield tag="856" ind1="4" ind2=" ">
   <subfield code="d">/webopac/covers/03/48357_1558606580.jpg</subfield>
  </datafield>
  <datafield tag="856" ind1="4" ind2=" ">
   <subfield code="d">/webopac/covers/03/48357_9780080520315.jpg</subfield>
  </datafield>
  <datafield tag="856" ind1="4" ind2=" ">
   <subfield code="d">/webopac/covers/03/48357_0080520316.jpg</subfield>
  </datafield>
 </record>
</collection>
